Music Quiz

Random Music or Rock Quiz

Lead Singer Match-Up Quiz Stats

 Plays Quiz Updated Nov 23, 2018

Also try: Lead Singers
Challenge
Share
Tweet
Embed
Score 0/32 Timer 04:00
3 Plays Today
% Correct
The Rolling Stones
95.2%
U2
95.2%
Queen
94.1%
Aerosmith
92.2%
The Police
91%
No Doubt
87.3%
The Doors
86.7%
Foo Fighters
81.9%
Coldplay
81.5%
Led Zeppelin
79%
Green Day
77.2%
Sex Pistols
76.2%
The Who
73.9%
Grateful Dead
71.3%
Oasis
71.3%
Heart
69.4%
% Correct
Pearl Jam
69.1%
Paramore
64.3%
Smashing Pumpkins
63.5%
Duran Duran
59.5%
Motörhead
54.7%
AC|DC
53.5%
The Killers
52.7%
Lynyrd Skynyrd
52%
The Cars
47.7%
Rush
46.7%
Blink-182
44.9%
Iron Maiden
43%
Muse
42.5%
Goo Goo Dolls
37%
Korn
34.2%
Tool
29.8%

You're not logged in!

Compare scores with friends on all Sporcle quizzes.
OR
Log In

You Might Also Like...

Show Comments

Extras

Top Quizzes Today


Score Distribution

Your Account Isn't Verified!

In order to create a playlist on Sporcle, you need to verify the email address you used during registration. Go to your Sporcle Settings to finish the process.

Report this User

Report this user for behavior that violates our Community Guidelines.

Details: